01125nam a22003131a 45000010009000000050017000090080041000260100013000670200015000800400018000950500039001130820012001521000018001642450045001822500012002272600077002393000021003165040066003376500021004038560041004248560026004658560022004919060045005139250044005589550038006029420006006409990017006469520148006631219260820170405020003.0001002s2001 enk b 001 0 eng  a00050139 a0335225357 aDLCcDLCdDLC00aLC 5215.R64 2007bLC 5215.R64 200700a374221 aRogers, Jenny10aAdults learning /cJenny Rogers.h[Text] a5th ed. aBuckingham [England]aBuckingham [England]bOpen University Presscc2007 a287 p. ;c20 cm. aIncludes bibliographical references (p. [218]-219) and index. 0aAdult education.423Contributor biographical information423Publisher description413Table of contents a7bcbccorignewd1eocipf20gy-gencatlg0 aacquireb2 shelf copiesxpolicy default fsj11 2002-12-26;gsj05 2002-12-300008 c35668d35668 00102lcc40708GENaCPLbCPLcGENd2009-12-03g0.00l29m7oLC 5215.R64 2007pR00762N3232r2026-04-20 11:11:54s2026-04-16t1w2009-12-03yBK